[Event "13. Obert Int. Sant Marti 2011"]
[Site "Barcelona ESP"]
[Date "2011.07.15"]
[Round "3.6"]
[White "Cruz, Cristhian"]
[Black "Ortega Serra, Marc"]
[Result "1-0"]
[WhiteElo "2470"]
[BlackElo "2238"]
[PlyCount "91"]
[EventDate "2011.07.13"]
[EventType "swiss"]
[EventRounds "9"]
[EventCountry "ESP"]
[SourceTitle "Ajedrez en Madrid"]
[Source "lmi"]
[SourceDate "2011.07.13"]
[SourceVersion "1"]
[SourceVersionDate "2019.06.21"]
[SourceQuality "1"]

1. Nf3 Nf6 2. g3 b6 3. Bg2 Bb7 4. c4 e6 5. d4 Bb4+ 6. Bd2 Qe7 7. O-O Bxd2 8.
Qxd2 O-O 9. Re1 d6 10. Nc3 Ne4 11. Qc2 Nxc3 12. Ng5 Nxe2+ 13. Rxe2 Qxg5 14.
Bxb7 Nd7 15. Bxa8 Rxa8 16. Rae1 c5 17. Qe4 Rd8 18. Rd1 h6 19. Red2 d5 20. Qe3
cxd4 21. Rxd4 Nf6 22. cxd5 Nxd5 23. Qxg5 hxg5 24. Rc1 f5 25. Rc7 a5 26. Rc6 Re8
27. Rdc4 Kf7 28. Rd6 g4 29. Rd7+ Kg8 30. Rc6 Kf8 31. a3 Re7 32. Rdd6 Kf7 33.
Kf1 b5 34. Ke2 g5 35. Rd8 Rb7 36. Kd3 Nf6 37. Kd4 a4 38. Ke5 b4 39. Rf8+ Kxf8
40. Kxf6 Kg8 41. Rxe6 Rb5 42. Kg6 Kf8 43. Rf6+ Ke7 44. Rxf5 bxa3 45. Rxb5 a2
46. Re5+ 1-0

[Event "13. Obert Int. Sant Marti 2011"]
[Site "Barcelona ESP"]
[Date "2011.07.15"]
[Round "3.7"]
[White "Obon Temprano, Sergi"]
[Black "Moskalenko, Viktor"]
[Result "0-1"]
[WhiteElo "2255"]
[BlackElo "2591"]
[PlyCount "116"]
[EventDate "2011.07.13"]
[EventType "swiss"]
[EventRounds "9"]
[EventCountry "ESP"]
[SourceTitle "Ajedrez en Madrid"]
[Source "lmi"]
[SourceDate "2011.07.13"]
[SourceVersion "1"]
[SourceVersionDate "2019.06.21"]
[SourceQuality "1"]

1. e4 c5 2. Nf3 Nc6 3. d4 cxd4 4. Nxd4 e5 5. Nb5 d6 6. c4 a6 7. N5c3 Be7 8. Nd5
Nf6 9. Nbc3 Nxd5 10. Nxd5 Be6 11. Be3 O-O 12. Bd3 Bg5 13. O-O Bxe3 14. fxe3 Nb8
15. Qh5 g6 16. Qh6 Bxd5 17. exd5 Nd7 18. g4 Qe7 19. Rf3 e4 20. Rh3 f5 21. Be2
Qg7 22. gxf5 Qxh6 23. Rxh6 Rxf5 24. Rf1 Rxf1+ 25. Kxf1 Nf6 26. Rh3 b5 27. Ke1
b4 28. Rg3 Nd7 29. Bd1 Nc5 30. Bc2 Kg7 31. Rg4 h5 32. Rg2 a5 33. b3 Rf8 34. Rf2
Rxf2 35. Kxf2 Kf6 36. Kg3 Kf5 37. Kf2 Nd7 38. Bd1 Nf6 39. Be2 Ke5 40. Kg3 Nd7
41. Kf2 Nc5 42. Bf1 a4 43. bxa4 Nxa4 44. Ke1 Nc3 45. Kd2 Nxa2 46. Kc2 Nc3 47.
h4 Kf6 48. Bg2 Kf5 49. Bh3+ Ke5 50. Bf1 Kf5 51. Bh3+ Kf6 52. Bg2 Na4 53. Kb3
Nc5+ 54. Kxb4 g5 55. hxg5+ Kxg5 56. Kc3 Kg4 57. Bh1 h4 58. Kd2 Kg3 0-1

[Event "13. Obert Int. Sant Marti 2011"]
[Site "Barcelona ESP"]
[Date "2011.07.15"]
[Round "3.8"]
[White "Aroshidze, Levan"]
[Black "Cruz, Filemon"]
[Result "1-0"]
[WhiteElo "2539"]
[BlackElo "2406"]
[PlyCount "67"]
[EventDate "2011.07.13"]
[EventType "swiss"]
[EventRounds "9"]
[EventCountry "ESP"]
[SourceTitle "Ajedrez en Madrid"]
[Source "lmi"]
[SourceDate "2011.07.13"]
[SourceVersion "1"]
[SourceVersionDate "2019.06.21"]
[SourceQuality "1"]

1. e4 e6 2. d4 d5 3. Nc3 Bb4 4. e5 b6 5. a3 Bf8 6. Bb5+ c6 7. Ba4 a5 8. Nce2
Ne7 9. c3 Nf5 10. Nf3 Ba6 11. O-O Be7 12. Re1 h5 13. Bc2 g6 14. g3 Nd7 15. h4
Nf8 16. Bg5 Bxg5 17. Nxg5 Nh7 18. Nf3 Bxe2 19. Qxe2 Ne7 20. Qd2 O-O 21. Qh6 c5
22. g4 f5 23. gxh5 Rf7 24. Kh2 Qf8 25. Qxf8+ Kxf8 26. hxg6 Nxg6 27. Kg3 Kg7 28.
h5 Ne7 29. Kh4 Kh6 30. Rg1 Rg8 31. Ba4 cxd4 32. Nxd4 f4 33. Bc2 Rxg1 34. Rxg1
1-0

[Event "13. Obert Int. Sant Marti 2011"]
[Site "Barcelona ESP"]
[Date "2011.07.15"]
[Round "3.9"]
[White "Perpinya Rofes, Lluis Maria"]
[Black "Bacallao Alonso, Yusnel"]
[Result "0-1"]
[WhiteElo "2395"]
[BlackElo "2532"]
[PlyCount "64"]
[EventDate "2011.07.13"]
[EventType "swiss"]
[EventRounds "9"]
[EventCountry "ESP"]
[SourceTitle "Ajedrez en Madrid"]
[Source "lmi"]
[SourceDate "2011.07.13"]
[SourceVersion "1"]
[SourceVersionDate "2019.06.21"]
[SourceQuality "1"]

1. e4 e5 2. Nf3 Nc6 3. Bb5 a6 4. Ba4 Nf6 5. O-O Be7 6. d3 b5 7. Bb3 d6 8. a4
Bg4 9. c3 O-O 10. h3 Bd7 11. Re1 Na5 12. Bc2 c5 13. Nbd2 Qc7 14. Nf1 b4 15. Ne3
Rab8 16. d4 b3 17. Bd3 exd4 18. cxd4 c4 19. Bf1 c3 20. e5 c2 21. Qd3 dxe5 22.
dxe5 Be6 23. Ng5 Rfd8 24. Nxe6 fxe6 25. Qxa6 Rb6 26. exf6 Bb4 27. Qe2 Rbd6 28.
Ng4 Bxe1 29. Qxe1 Rd1 30. Qxe6+ Qf7 31. Qxf7+ Kxf7 32. Ne3 Re1 0-1

[Event "13. Obert Int. Sant Marti 2011"]
[Site "Barcelona ESP"]
[Date "2011.07.15"]
[Round "3.10"]
[White "Mestre Bellido, Hector"]
[Black "Gonzalez Perez, Arian"]
[Result "0-1"]
[WhiteElo "2380"]
[BlackElo "2490"]
[PlyCount "74"]
[EventDate "2011.07.13"]
[EventType "swiss"]
[EventRounds "9"]
[EventCountry "ESP"]
[SourceTitle "Ajedrez en Madrid"]
[Source "lmi"]
[SourceDate "2011.07.13"]
[SourceVersion "1"]
[SourceVersionDate "2019.06.21"]
[SourceQuality "1"]

1. e4 c5 2. Nf3 Nc6 3. d4 cxd4 4. Nxd4 g6 5. Nc3 Bg7 6. Be3 Nf6 7. Nxc6 bxc6 8.
e5 Ng8 9. f4 Nh6 10. Bc4 Nf5 11. Bf2 d5 12. Bb3 g5 13. g3 gxf4 14. gxf4 Qa5 15.
Qf3 e6 16. O-O-O Bb7 17. Na4 Bf8 18. Rhg1 O-O-O 19. c4 d4 20. Bc2 Qb4 21. b3
Qa3+ 22. Kb1 Bb4 23. Qh3 c5 24. Bxf5 exf5 25. Qxf5+ Kb8 26. Rg7 Bc6 27. Qxf7
Be4+ 28. Ka1 Qxa4 29. Qc7+ Ka8 30. Be1 Bxe1 31. Rxe1 Qa3 32. Rgg1 Rdg8 33. Rg7
d3 34. e6 d2 35. Rb1 Rxg7 36. Qxg7 Rd8 37. e7 d1=Q 0-1

[Event "13. Obert Int. Sant Marti 2011"]
[Site "Barcelona ESP"]
[Date "2011.07.15"]
[Round "3.11"]
[White "Ryan, Joseph"]
[Black "Munoz Pantoja, Miguel"]
[Result "0-1"]
[WhiteElo "2267"]
[BlackElo "2482"]
[PlyCount "100"]
[EventDate "2011.07.13"]
[EventType "swiss"]
[EventRounds "9"]
[EventCountry "ESP"]
[SourceTitle "Ajedrez en Madrid"]
[Source "lmi"]
[SourceDate "2011.07.13"]
[SourceVersion "1"]
[SourceVersionDate "2019.06.21"]
[SourceQuality "1"]

1. e4 d6 2. Nc3 g6 3. d4 Bg7 4. Nf3 Nf6 5. h3 O-O 6. Be3 c6 7. a4 Nbd7 8. Be2
e5 9. dxe5 dxe5 10. Nd2 Qe7 11. Nc4 Ne8 12. O-O Nc5 13. b3 f5 14. Bc1 fxe4 15.
Ba3 Bf5 16. Qc1 Rd8 17. a5 Nc7 18. Na4 N7e6 19. Nxc5 Nxc5 20. Qe3 Rd5 21. Nb2
b5 22. axb6 axb6 23. Na4 Rb8 24. Bc4 Kh8 25. Nxc5 bxc5 26. Bxd5 cxd5 27. Bxc5
Qh4 28. Bd6 d4 29. Qg3 Qxg3 30. fxg3 Rd8 31. g4 Be6 32. Ra6 Bg8 33. Be7 Rc8 34.
Ra2 e3 35. Bf6 e4 36. Bxg7+ Kxg7 37. Re1 Kf6 38. Ra4 Ke5 39. Re2 Bd5 40. Kf1
Rc5 41. Ra7 Bc6 42. b4 Rc3 43. Ra5+ Kf4 44. b5 Rc5 45. c4 d3 46. Re1 e2+ 47.
Rxe2 dxe2+ 48. Kxe2 Bd7 49. Ra7 Be6 50. b6 Bxc4+ 0-1

[Event "13. Obert Int. Sant Marti 2011"]
[Site "Barcelona ESP"]
[Date "2011.07.15"]
[Round "3.13"]
[White "Alarcon Casellas, Rolando"]
[Black "Randazzo, Adrian"]
[Result "1-0"]
[WhiteElo "2453"]
[BlackElo "2226"]
[PlyCount "61"]
[EventDate "2011.07.13"]
[EventType "swiss"]
[EventRounds "9"]
[EventCountry "ESP"]
[SourceTitle "Ajedrez en Madrid"]
[Source "lmi"]
[SourceDate "2011.07.13"]
[SourceVersion "1"]
[SourceVersionDate "2019.06.21"]
[SourceQuality "1"]

1. e4 c5 2. Nf3 d6 3. d4 cxd4 4. Nxd4 Nf6 5. Nc3 a6 6. Bg5 e6 7. f4 Nc6 8. Nxc6
bxc6 9. e5 h6 10. Bh4 g5 11. fxg5 Nd5 12. Ne4 Qb6 13. c3 Qxb2 14. Rb1 Qxa2 15.
g6 fxg6 16. Bf2 dxe5 17. Bd3 Be7 18. O-O Nf4 19. g3 Nxd3 20. Qxd3 Qd5 21. Nf6+
Bxf6 22. Qxg6+ Ke7 23. c4 Qd6 24. Rfd1 Rb8 25. Rxd6 Rxb1+ 26. Kg2 Kxd6 27. Qxf6
Rh7 28. c5+ Kd5 29. Qg6 e4 30. Qxh7 a5 31. Qh8 1-0

[Event "13. Obert Int. Sant Marti 2011"]
[Site "Barcelona ESP"]
[Date "2011.07.15"]
[Round "3.14"]
[White "Martinez Romero, Martin"]
[Black "Rojas Keim, Luis"]
[Result "0-1"]
[WhiteElo "2235"]
[BlackElo "2438"]
[PlyCount "90"]
[EventDate "2011.07.13"]
[EventType "swiss"]
[EventRounds "9"]
[EventCountry "ESP"]
[SourceTitle "Ajedrez en Madrid"]
[Source "lmi"]
[SourceDate "2011.07.13"]
[SourceVersion "1"]
[SourceVersionDate "2019.06.21"]
[SourceQuality "1"]

1. e4 e6 2. d4 d5 3. Nc3 Bb4 4. e5 c5 5. a3 Bxc3+ 6. bxc3 Ne7 7. a4 Qa5 8. Qd2
Nbc6 9. Nf3 Bd7 10. Bd3 c4 11. Be2 O-O-O 12. Ba3 f6 13. O-O Ng6 14. Bd6 Rde8
15. Rfb1 Nd8 16. Qc1 Nf7 17. Qa3 Nxd6 18. Qxd6 Qc7 19. Qxc7+ Kxc7 20. g3 a5 21.
h4 Ne7 22. Nd2 Ra8 23. exf6 gxf6 24. Bg4 Nc8 25. Re1 Re8 26. Bh5 Re7 27. f4 Rg7
28. Kf2 Nb6 29. f5 exf5 30. Bf3 Bxa4 31. Re6 Bxc2 32. Rxf6 Be4 33. Nf1 a4 34.
Ra3 Ra5 35. Ne3 Rb5 36. Nxf5 Rb2+ 37. Ke3 Bxf5 38. Rxf5 Rb3 39. Ra2 Rxc3+ 40.
Kf4 Rd3 41. Bxd5 Rxd4+ 42. Be4 Re7 43. Re5 Nd5+ 44. Rxd5 Rdxe4+ 45. Kf5 Kc6 0-1

[Event "13. Obert Int. Sant Marti 2011"]
[Site "Barcelona ESP"]
[Date "2011.07.15"]
[Round "3.15"]
[White "Matnadze, Ana"]
[Black "Exposito Amaro, Josue"]
[Result "1-0"]
[WhiteElo "2428"]
[BlackElo "2258"]
[PlyCount "79"]
[EventDate "2011.07.13"]
[EventType "swiss"]
[EventRounds "9"]
[EventCountry "ESP"]
[SourceTitle "Ajedrez en Madrid"]
[Source "lmi"]
[SourceDate "2011.07.13"]
[SourceVersion "1"]
[SourceVersionDate "2019.06.21"]
[SourceQuality "1"]

1. d4 Nf6 2. Nf3 g6 3. g3 Bg7 4. Bg2 O-O 5. O-O d5 6. c4 Nc6 7. Nc3 dxc4 8. e4
Nd7 9. Bg5 Nb6 10. d5 Ne5 11. Nxe5 Bxe5 12. a4 a5 13. Bh6 Re8 14. f4 Bg7 15.
Bxg7 Kxg7 16. Qd4+ Kg8 17. f5 e5 18. Qe3 Kg7 19. g4 h6 20. f6+ Kh7 21. g5 h5
22. Bf3 Rh8 23. Rfd1 Bd7 24. d6 c6 25. Qc5 Re8 26. Kh1 Re6 27. Be2 Re8 28. Rd2
Be6 29. Qxe5 Bg4 30. Qd4 Bxe2 31. Rxe2 Nd7 32. e5 Ra6 33. e6 Rxe6 34. Rxe6 fxe6
35. Re1 c5 36. Qxc4 Nf8 37. Rxe6 Kh8 38. Ne4 Rc6 39. f7 Nxe6 40. Qxe6 1-0

[Event "13. Obert Int. Sant Marti 2011"]
[Site "Barcelona ESP"]
[Date "2011.07.15"]
[Round "3.16"]
[White "Ortiz Suarez, Isan Reynaldo"]
[Black "Ben-Natan, Yigal"]
[Result "1-0"]
[WhiteElo "2556"]
[BlackElo "2020"]
[PlyCount "101"]
[EventDate "2011.07.13"]
[EventType "swiss"]
[EventRounds "9"]
[EventCountry "ESP"]
[SourceTitle "Ajedrez en Madrid"]
[Source "lmi"]
[SourceDate "2011.07.13"]
[SourceVersion "1"]
[SourceVersionDate "2019.06.21"]
[SourceQuality "1"]

1. e4 c5 2. Nf3 d6 3. d4 cxd4 4. Nxd4 Nf6 5. Nc3 g6 6. Be3 Bg7 7. f3 O-O 8. Qd2
Nc6 9. Bc4 Bd7 10. O-O-O Qa5 11. Bb3 Rfc8 12. h4 Ne5 13. h5 Nc4 14. Bxc4 Rxc4
15. hxg6 hxg6 16. Nb3 Qa6 17. Bh6 Bh8 18. Bg5 Bg7 19. Bh6 Bh8 20. Bg5 Bg7 21.
e5 Rxc3 22. Qxc3 Rc8 23. Qa5 Qc4 24. c3 dxe5 25. Bxf6 Qf4+ 26. Kb1 Qf5+ 27. Ka1
Bxf6 28. Qxa7 Bc6 29. Na5 Qe6 30. Qb6 Bd5 31. Qxe6 fxe6 32. c4 Bxc4 33. Rc1 b5
34. Rhd1 Kf7 35. Nxc4 bxc4 36. Rc2 Bg5 37. a4 Kf6 38. Ka2 Be3 39. Rd7 Bd4 40.
Rb7 e4 41. fxe4 Ke5 42. Rb4 c3 43. bxc3 Bc5 44. Rc4 Kd6 45. Rd2+ Kc6 46. Rb2
Rh8 47. Rb5 Rh5 48. Kb3 Rg5 49. Rcxc5+ Rxc5 50. Rxc5+ Kxc5 51. c4 1-0

[Event "13. Obert Int. Sant Marti 2011"]
[Site "Barcelona ESP"]
[Date "2011.07.15"]
[Round "3.17"]
[White "Gonzalez Rodriguez, Jorge A."]
[Black "Lacasta Palacios, Joaquim"]
[Result "1-0"]
[WhiteElo "2434"]
[BlackElo "2180"]
[PlyCount "159"]
[EventDate "2011.07.13"]
[EventType "swiss"]
[EventRounds "9"]
[EventCountry "ESP"]
[SourceTitle "Ajedrez en Madrid"]
[Source "lmi"]
[SourceDate "2011.07.13"]
[SourceVersion "1"]
[SourceVersionDate "2019.06.21"]
[SourceQuality "1"]

1. b3 e5 2. Bb2 Nc6 3. e3 Nf6 4. Bb5 Bd6 5. Bxc6 dxc6 6. d3 O-O 7. Nd2 Qe7 8.
a4 Bg4 9. Ne2 Nd5 10. O-O f5 11. e4 fxe4 12. Nxe4 Bh5 13. Bc1 Nf4 14. f3 Bg6
15. Nxf4 exf4 16. Bb2 Rae8 17. Qd2 Bb4 18. Bc3 Bc5+ 19. Kh1 Be3 20. Qe1 c5 21.
Rd1 b6 22. Qe2 Rd8 23. Bd2 Bd4 24. Be1 Rfe8 25. Bf2 h6 26. Qd2 Qf7 27. Rde1 Qf5
28. Re2 Bf7 29. Bxd4 Rxd4 30. Rfe1 Re6 31. Nc3 Rd7 32. Rxe6 Bxe6 33. Re4 g5 34.
Qe2 Bf7 35. Kg1 Qf6 36. Qe1 Kg7 37. Kf2 c6 38. h4 g4 39. fxg4 Qxh4+ 40. Kf3
Qxe1 41. Rxe1 Bd5+ 42. Nxd5 cxd5 43. Kxf4 Kf6 44. Re5 d4 45. a5 Rd6 46. g5+
hxg5+ 47. Rxg5 Re6 48. Rf5+ Kg6 49. Rd5 Re2 50. g4 Rxc2 51. Rd6+ Kf7 52. axb6
axb6 53. Rxb6 Rc3 54. Ke4 Rc1 55. g5 Kg7 56. Rb5 Kg6 57. Kf4 Rf1+ 58. Ke4 Rc1
59. Kd5 Rc3 60. Ke4 Rc1 61. b4 Rb1 62. Kd5 cxb4 63. Kxd4 b3 64. Rb6+ Kxg5 65.
Kc4 Kf5 66. Rxb3 Rd1 67. Kd4 Ra1 68. Kc5 Ra5+ 69. Rb5 Ra8 70. Kc6+ Kf6 71. Rb6
Kf7 72. Rb7+ Ke8 73. Rb6 Kf7 74. Rb7+ Ke8 75. Rb5 Ra1 76. d4 Ke7 77. Rb7+ Ke8
78. d5 Rc1+ 79. Kd6 Ra1 80. Rb8+ 1-0

[Event "13. Obert Int. Sant Marti 2011"]
[Site "Barcelona ESP"]
[Date "2011.07.15"]
[Round "3.18"]
[White "Moreno Martin, Daniel"]
[Black "Rios, Cristhian Camilo"]
[Result "0-1"]
[WhiteElo "2176"]
[BlackElo "2424"]
[PlyCount "88"]
[EventDate "2011.07.13"]
[EventType "swiss"]
[EventRounds "9"]
[EventCountry "ESP"]
[SourceTitle "Ajedrez en Madrid"]
[Source "lmi"]
[SourceDate "2011.07.13"]
[SourceVersion "1"]
[SourceVersionDate "2019.06.21"]
[SourceQuality "1"]

1. e4 c5 2. Nf3 e6 3. d4 cxd4 4. Nxd4 Nf6 5. Nc3 d6 6. Be2 Nc6 7. O-O Be7 8.
Kh1 O-O 9. f4 Bd7 10. Ndb5 Qb8 11. a4 Rd8 12. Be3 a6 13. Na3 d5 14. exd5 Be8
15. Bf3 exd5 16. Bb6 Rd7 17. Qe2 d4 18. Ne4 Nd5 19. Nc5 Bxc5 20. Bxc5 Nxf4 21.
Qf2 Ne6 22. Bb6 Ne5 23. Be4 Rd6 24. a5 Bc6 25. Rae1 Ng5 26. Bxc6 Nxc6 27. Qe2
Re6 28. Qg4 Rxe1 29. Rxe1 Ne6 30. Nc4 Qf8 31. Qg3 Re8 32. Rf1 Re7 33. Nd6 Rd7
34. Ne4 Kh8 35. h3 Rd5 36. Qf3 Re5 37. Nd2 g6 38. Qf6+ Qg7 39. Qf3 f5 40. Nc4
Re4 41. Qa3 Qd7 42. Qg3 Qd5 43. b3 Re2 44. Qh4 Qxg2# 0-1

[Event "13. Obert Int. Sant Marti 2011"]
[Site "Barcelona ESP"]
[Date "2011.07.15"]
[Round "3.19"]
[White "Trujillo Villega, Pablo Adrian"]
[Black "Lorenzo De La Riva, Lazaro"]
[Result "1/2-1/2"]
[WhiteElo "2173"]
[BlackElo "2391"]
[PlyCount "79"]
[EventDate "2011.07.13"]
[EventType "swiss"]
[EventRounds "9"]
[EventCountry "ESP"]
[SourceTitle "Ajedrez en Madrid"]
[Source "lmi"]
[SourceDate "2011.07.13"]
[SourceVersion "1"]
[SourceVersionDate "2019.06.21"]
[SourceQuality "1"]

1. e4 c5 2. Nf3 Nf6 3. Nc3 d5 4. e5 Nfd7 5. d4 cxd4 6. Qxd4 e6 7. Bf4 Nc6 8.
Qa4 Nc5 9. Qb5 a6 10. Qe2 b5 11. Qd1 Bb7 12. Nd4 Nxd4 13. Qxd4 b4 14. Ne2 Rc8
15. Qe3 Ne4 16. f3 Bc5 17. Nd4 g5 18. Bg3 Nxg3 19. hxg3 Bxd4 20. Qxd4 Rxc2 21.
Bd3 Rc6 22. Qxb4 Qc7 23. O-O h5 24. Rae1 h4 25. Qg4 Qb6+ 26. Rf2 hxg3 27. Qxg3
Qb4 28. Ref1 Qh4 29. Qxh4 Rxh4 30. g3 Rd4 31. Rd2 Ke7 32. f4 gxf4 33. Rxf4 Rxf4
34. gxf4 Rc1+ 35. Kf2 Rh1 36. Kf3 d4+ 37. Ke2 Rg1 38. Kf2 Rc1 39. a3 a5 40. Kg3
1/2-1/2

[Event "13. Obert Int. Sant Marti 2011"]
[Site "Barcelona ESP"]
[Date "2011.07.16"]
[Round "4.1"]
[White "Perez Mitjans, Orelvis"]
[Black "Leon Hoyos, Manuel"]
[Result "1/2-1/2"]
[WhiteElo "2452"]
[BlackElo "2548"]
[PlyCount "112"]
[EventDate "2011.07.13"]
[EventType "swiss"]
[EventRounds "9"]
[EventCountry "ESP"]
[SourceTitle "Ajedrez en Madrid"]
[Source "lmi"]
[SourceDate "2011.07.13"]
[SourceVersion "1"]
[SourceVersionDate "2019.06.21"]
[SourceQuality "1"]

1. e4 c5 2. Nf3 d6 3. d4 cxd4 4. Nxd4 Nf6 5. Nc3 Nc6 6. f3 e5 7. Nb3 Be7 8. Be3
Be6 9. Nd5 Bxd5 10. exd5 Nb4 11. c4 a5 12. a3 Na6 13. Be2 O-O 14. O-O Nd7 15.
Kh1 b6 16. Nd2 Bg5 17. Bxg5 Qxg5 18. Rb1 f5 19. b4 Nf6 20. c5 bxc5 21. Bxa6
axb4 22. axb4 Rxa6 23. f4 exf4 24. Nf3 Qg6 25. Qe2 Raa8 26. bxc5 dxc5 27. Qe6+
Qf7 28. Ng5 Qxe6 29. Nxe6 Rf7 30. Nxf4 Ne4 31. Rb2 c4 32. Rb6 Rc7 33. Ne6 Rd7
34. Rc6 Nd2 35. Rc1 Kf7 36. Ng5+ Kg8 37. Ne6 Ra3 38. d6 Rd3 39. Rc8+ Kf7 40.
Nc5 R7xd6 41. Nxd3 cxd3 42. g3 Ne4 43. Kg2 d2 44. Rd1 Rd3 45. Rc6 h5 46. Kf1
Rf3+ 47. Kg1 Rf2 48. Rc5 Kg6 49. Rd5 Re2 50. Rf1 Ng5 51. Rd6+ Kh7 52. Rxf5 Re1+
53. Kg2 Re2+ 54. Kf1 Re1+ 55. Kg2 Re2+ 56. Kf1 Re1+ 1/2-1/2

[Event "13. Obert Int. Sant Marti 2011"]
[Site "Barcelona ESP"]
[Date "2011.07.16"]
[Round "4.2"]
[White "Cruz, Jonathan"]
[Black "Cruz, Cristhian"]
[Result "1/2-1/2"]
[WhiteElo "2406"]
[BlackElo "2470"]
[PlyCount "39"]
[EventDate "2011.07.13"]
[EventType "swiss"]
[EventRounds "9"]
[EventCountry "ESP"]
[SourceTitle "Ajedrez en Madrid"]
[Source "lmi"]
[SourceDate "2011.07.13"]
[SourceVersion "1"]
[SourceVersionDate "2019.06.21"]
[SourceQuality "1"]

1. d4 d5 2. c4 c6 3. Nc3 Nf6 4. cxd5 cxd5 5. Bf4 Nc6 6. e3 a6 7. Bd3 Bg4 8.
Nge2 e6 9. O-O Be7 10. Bg3 Bh5 11. f3 Bg6 12. Nf4 O-O 13. Bxg6 hxg6 14. Nd3 Bd6
15. Bxd6 Qxd6 16. Rc1 Rac8 17. Rf2 Rfe8 18. f4 Rc7 19. Rfc2 Rec8 20. Nb1
1/2-1/2

[Event "13. Obert Int. Sant Marti 2011"]
[Site "Barcelona ESP"]
[Date "2011.07.16"]
[Round "4.3"]
[White "Moskalenko, Viktor"]
[Black "Munoz Pantoja, Miguel"]
[Result "1-0"]
[WhiteElo "2591"]
[BlackElo "2482"]
[PlyCount "69"]
[EventDate "2011.07.13"]
[EventType "swiss"]
[EventRounds "9"]
[EventCountry "ESP"]
[SourceTitle "Ajedrez en Madrid"]
[Source "lmi"]
[SourceDate "2011.07.13"]
[SourceVersion "1"]
[SourceVersionDate "2019.06.21"]
[SourceQuality "1"]

1. d4 c5 2. d5 Nf6 3. c4 e6 4. Nc3 exd5 5. cxd5 d6 6. e4 g6 7. f4 Bg7 8. Bb5+
Nfd7 9. Be2 O-O 10. Nf3 Bxc3+ 11. bxc3 Nf6 12. e5 dxe5 13. fxe5 Nxd5 14. Bg5
Qd7 15. Qd2 Nc6 16. Rd1 h6 17. Bxh6 Rd8 18. Bg5 f6 19. Bc4 fxg5 20. Bxd5+ Kg7
21. Qxg5 Qf5 22. Qe3 Be6 23. c4 Bxd5 24. cxd5 Nb4 25. O-O Nxd5 26. Qxc5 b6 27.
Qa3 Rd7 28. Qb2 Kg8 29. Qb3 Rad8 30. Rfe1 Qe6 31. Ng5 Qg4 32. e6 Qxg5 33. exd7
Rxd7 34. Rd3 Kh8 35. Qb2+ 1-0

[Event "13. Obert Int. Sant Marti 2011"]
[Site "Barcelona ESP"]
[Date "2011.07.16"]
[Round "4.4"]
[White "Cuartas, Jaime Alexander"]
[Black "Alarcon Casellas, Rolando"]
[Result "0-1"]
[WhiteElo "2542"]
[BlackElo "2453"]
[PlyCount "58"]
[EventDate "2011.07.13"]
[EventType "swiss"]
[EventRounds "9"]
[EventCountry "ESP"]
[SourceTitle "Ajedrez en Madrid"]
[Source "lmi"]
[SourceDate "2011.07.13"]
[SourceVersion "1"]
[SourceVersionDate "2019.06.21"]
[SourceQuality "1"]

1. e4 c5 2. Nf3 d6 3. d4 cxd4 4. Nxd4 Nf6 5. Nc3 a6 6. Bg5 e6 7. f4 Nc6 8. Nxc6
bxc6 9. e5 h6 10. Bh4 g5 11. fxg5 Nd5 12. Nxd5 exd5 13. Qe2 dxe5 14. Qxe5+ Qe7
15. Bg3 hxg5 16. O-O-O Qxe5 17. Bxe5 Rh6 18. Bd3 Be6 19. Rhf1 Kd7 20. h3 Bd6
21. Rde1 Rg8 22. Bc3 g4 23. hxg4 Bg3 24. Re2 Rxg4 25. Rxf7+ Bxf7 26. Bf5+ Kd6
27. Bxg4 Rh1+ 28. Kd2 Bf4+ 29. Re3 c5 0-1

[Event "13. Obert Int. Sant Marti 2011"]
[Site "Barcelona ESP"]
[Date "2011.07.16"]
[Round "4.5"]
[White "Pogorelov, Ruslan"]
[Black "Aroshidze, Levan"]
[Result "0-1"]
[WhiteElo "2430"]
[BlackElo "2539"]
[PlyCount "70"]
[EventDate "2011.07.13"]
[EventType "swiss"]
[EventRounds "9"]
[EventCountry "ESP"]
[SourceTitle "Ajedrez en Madrid"]
[Source "lmi"]
[SourceDate "2011.07.13"]
[SourceVersion "1"]
[SourceVersionDate "2019.06.21"]
[SourceQuality "1"]

1. Nf3 c5 2. c4 Nf6 3. Nc3 b6 4. g3 Bb7 5. Bg2 e6 6. O-O d6 7. d4 cxd4 8. Qxd4
a6 9. Rd1 Nbd7 10. Be3 Be7 11. Qd2 O-O 12. Bf4 Ne8 13. Rac1 Qc7 14. b3 h6 15.
Bxh6 gxh6 16. Qxh6 Ng7 17. Rd4 f5 18. Ng5 Bxg5 19. Qxg5 Bxg2 20. Kxg2 Ne5 21.
Rh4 Qd8 22. Qh6 Rf6 23. Qh7+ Kf7 24. Rd1 Ng6 25. Rhd4 e5 26. R4d2 Qd7 27. Nd5
Re6 28. e4 Rh8 29. Qxg7+ Kxg7 30. exf5 Ree8 31. fxg6 Qh3+ 32. Kf3 Ref8+ 33. Ke3
Qg4 34. f4 Rxh2 35. Rxh2 Qxg3+ 0-1

[Event "13. Obert Int. Sant Marti 2011"]
[Site "Barcelona ESP"]
[Date "2011.07.16"]
[Round "4.6"]
[White "Bacallao Alonso, Yusnel"]
[Black "Pilgaard, Kim"]
[Result "1-0"]
[WhiteElo "2532"]
[BlackElo "2442"]
[PlyCount "101"]
[EventDate "2011.07.13"]
[EventType "swiss"]
[EventRounds "9"]
[EventCountry "ESP"]
[SourceTitle "Ajedrez en Madrid"]
[Source "lmi"]
[SourceDate "2011.07.13"]
[SourceVersion "1"]
[SourceVersionDate "2019.06.21"]
[SourceQuality "1"]

1. e4 e5 2. Nf3 Nc6 3. Bc4 Nf6 4. d3 Be7 5. Bb3 O-O 6. O-O d6 7. c3 Be6 8. Bc2
d5 9. Nbd2 dxe4 10. dxe4 Nd7 11. Qe2 f6 12. Nc4 Qe8 13. Ne3 Qf7 14. Nd5 Rac8
15. Be3 Rfd8 16. Rfd1 a6 17. Rd2 Bc5 18. Rad1 Bxe3 19. Qxe3 Nf8 20. b4 Kh8 21.
Bb3 Ne7 22. h3 Neg6 23. Qa7 c6 24. Ne3 Rxd2 25. Rxd2 Qc7 26. Nf5 Bxb3 27. axb3
Nf4 28. Nd6 Rb8 29. Kh2 N4e6 30. g3 Kg8 31. Kg2 g6 32. h4 h5 33. Kg1 Kg7 34.
Kf1 Kg8 35. Kg2 Kg7 36. c4 Kg8 37. Qe3 Rd8 38. c5 Qg7 39. Rd1 Kh7 40. Kh2 Kg8
41. Rg1 Kh7 42. Nd2 Nd4 43. f4 Nfe6 44. N2c4 Rd7 45. Rf1 Qh6 46. Qf2 exf4 47.
gxf4 Nb5 48. f5 Ned4 49. e5 g5 50. e6 Re7 51. Nf7 1-0

[Event "13. Obert Int. Sant Marti 2011"]
[Site "Barcelona ESP"]
[Date "2011.07.16"]
[Round "4.8"]
[White "Rojas Keim, Luis"]
[Black "Delgado Ramos, Hector"]
[Result "0-1"]
[WhiteElo "2438"]
[BlackElo "2488"]
[PlyCount "68"]
[EventDate "2011.07.13"]
[EventType "swiss"]
[EventRounds "9"]
[EventCountry "ESP"]
[SourceTitle "Ajedrez en Madrid"]
[Source "lmi"]
[SourceDate "2011.07.13"]
[SourceVersion "1"]
[SourceVersionDate "2019.06.21"]
[SourceQuality "1"]

1. d4 Nf6 2. Bg5 Ne4 3. Bf4 d5 4. f3 Nf6 5. Nc3 e6 6. e4 Bb4 7. Qd3 O-O 8. Nge2
b6 9. O-O-O Ba6 10. Qe3 Nc6 11. e5 Nd7 12. Bg5 Be7 13. h4 Na5 14. Kb1 c5 15.
Nf4 Bxf1 16. Rdxf1 cxd4 17. Qxd4 Nc6 18. Qd1 Ncxe5 19. Nh5 Nc4 20. Qd4 Nf6 21.
g4 Nxh5 22. gxh5 Bf6 23. Qf4 Qd6 24. Qc1 Bxc3 25. bxc3 f6 26. Bf4 Qa3 27. Qxa3
Nxa3+ 28. Kc1 Rfc8 29. Bd2 Kf7 30. h6 gxh6 31. Bxh6 Nc4 32. Rh2 Nd6 33. Bf4 Nf5
34. Kb2 h5 0-1